Slobodu a šťastie máme v DNA
Kniha The happy manifesto (Šťastný manifest) autora Henryho Stewarta, ktorého podľa prieskumu Guru radar of thinkers zaradili medzi 50 najvplyvnejších ľudí sveta. Účasť autora na Medzinárodnej konferencii o zodpovednom podnikaní v Bratislave. Ako funguje šťastná firma. Spokojní ľudia. Dôvera a trans...
Salvato in:
| Autore principale: | |
|---|---|
| Natura: | Capitolo di libro |
| Lingua: | slovacco |
| Soggetti: | |
| Tags: |
Nessun Tag, puoi essere il primo ad aggiungerne!!
|
MARC
| LEADER | 00000naa a2200000 4500 | ||
|---|---|---|---|
| 001 | 0157800 | ||
| 005 | 20231113071641.3 | ||
| 041 | 0 | |a slo | |
| 044 | |a SK | ||
| 245 | 1 | 0 | |a Slobodu a šťastie máme v DNA |c Lucia Fričová |
| 520 | |a Kniha The happy manifesto (Šťastný manifest) autora Henryho Stewarta, ktorého podľa prieskumu Guru radar of thinkers zaradili medzi 50 najvplyvnejších ľudí sveta. Účasť autora na Medzinárodnej konferencii o zodpovednom podnikaní v Bratislave. Ako funguje šťastná firma. Spokojní ľudia. Dôvera a transparentnosť voči zamestnancom. Vyváženie osobného a pracovného života. Názory českého propagátora slobody v práci Tomáša Hajzlera na spôsoby riadenia a organizácie firiem. | ||
| 610 | 2 | 0 | |a riadenie |
| 610 | 2 | 0 | |a vedenie ľudí |
| 610 | 2 | 0 | |a vedenie podniku |
| 610 | 2 | 0 | |a manažéri |
| 610 | 2 | 0 | |a zamestnanci |
| 610 | 2 | 0 | |a podnikanie |
| 610 | 2 | 0 | |a práca |
| 100 | 1 | |a Fričová, Lucia | |